书目信息 |
| 题名: |
线性代数与空间解析几何导学
|
|
| 作者: | 苗文利 , 刘玉波 主编 | |
| 分册: | ||
| 出版信息: | 天津 天津大学出版社 2004.08 |
|
| 页数: | 257页 | |
| 开本: | 26cm | |
| 丛书名: | ||
| 单 册: | ||
| 中图分类: | O151.2 , O182.2 | |
| 科图分类: | ||
| 主题词: | 空间几何--kong jian ji he--解析几何 , 线性代数--xian xing dai shu | |
| 电子资源: | ||
| ISBN: | 7-5618-1861-0 | |
| 000 | 00977nam0 2200253 450 | |
| 001 | 012006862481 | |
| 005 | 20060302151425.40 | |
| 010 | @a7-5618-1861-0@dCNY23.00 | |
| 100 | @a20060302d2004 km y0chiy0121 ea | |
| 101 | 0 | @achi |
| 102 | @aCN@b120000 | |
| 105 | @aa z 000yy | |
| 200 | 1 | @a线性代数与空间解析几何导学@Axian xing dai shu yu kong jian jie xi ji he dao xue@f苗文利, 刘玉波主编@Fmiao wen li,liu yu bo zhu bian |
| 210 | @a天津@c天津大学出版社@d2004.08 | |
| 215 | @a257页@c图@d26cm | |
| 330 | @a本书对线性代数和空间解析几何这门学科的基本概念进行了系统总结和归纳,对典型例题作了较详细的分析、求解,并归纳总结了线性代数和空间解析几何中分析问题和处理问题的基本方法及常用解题技巧。 | |
| 606 | 0 | @a空间几何@Akong jian ji he@x解析几何 |
| 606 | 0 | @a线性代数@Axian xing dai shu |
| 690 | @aO151.2@v4 | |
| 690 | @aO182.2@v4 | |
| 701 | 0 | @a苗文利@Amiao wen li@4主编 |
| 701 | 0 | @a刘玉波@Aliu yu bo@4主编 |
| 801 | 0 | @aCN@bQSSK@c20060302 |
| 905 | @a10447@dO151.2@eM731 | |
| 线性代数与空间解析几何导学/苗文利, 刘玉波主编.-天津:天津大学出版社,2004.08 |
| 257页:图;26cm |
| ISBN 7-5618-1861-0:CNY23.00 |
| 本书对线性代数和空间解析几何这门学科的基本概念进行了系统总结和归纳,对典型例题作了较详细的分析、求解,并归纳总结了线性代数和空间解析几何中分析问题和处理问题的基本方法及常用解题技巧。 |
| ● |
| 相关链接 |
|
|
|
正题名:线性代数与空间解析几何导学
索取号:O151.2/M731
 
预约/预借
| 序号 | 登录号 | 条形码 | 馆藏地/架位号 | 状态 | 备注 |
| 1 | 553061 | 205530610 | 自科库401/401自科库 41排5列3层/ [索取号:O151.2/M731] | 在馆 | |
| 2 | 553062 | 205530629 | 自科库401/401自科库 41排5列3层/ [索取号:O151.2/M731] | 在馆 | |
| 3 | 553063 | 205530638 | 自科库401/401自科库 41排5列3层/ [索取号:O151.2/M731] | 在馆 |